A basic course in algebraic topology /

Guardado en:
Autor Principal: Massey, William S.
Formato: Libro
Idioma:English
Publicado: New York : Springer-Verlag, c1991.
Series:Graduate texts in mathematics ; 127
Etiquetas: Agregar Etiqueta
Sin Etiquetas, Sea el primero en etiquetar este registro!
LEADER 01111nam a22002655a 4500
001 MAT.inmabb000080
008 900809s1991####nyua#####b####001#0#eng##
005 20130311134929.0
245 1 2 |a A basic course in algebraic topology /  |c William S. Massey. 
260 |a New York :  |b Springer-Verlag,  |c c1991. 
300 |a xvi, 428 p. :  |b il. ;  |c 25 cm. 
440 0 |a Graduate texts in mathematics ;  |v 127 
500 |a Versión revisada y actualizada de los primeros cinco capítulos de Algebraic topology: an introduction (Springer, 1977) y casi todo Singular homology theory (Springer, 1980). 
504 |a Incluye referencias bibliográficas e índice. 
510 4 |a MR,  |c 92c:55001 
020 |a 038797430X 
020 |a 354097430X (Berlin) 
100 1 |a Massey, William S. 
700 1 |a Massey, William S.  |t Algebraic topology.  |4 ant 
700 1 |a Massey, William S.  |t Singular homology theory.  |4 ant 
084 |a 55-02 (57-02)  |2 MR  |9 2000 
010 |a  90046073  
859 |h 55  |i M416b  |p A-6444  |b BIB. MATEMATICA 
859 |h 55  |i M416b  |p A-6494  |t Ej. 2  |b BIB. MATEMATICA 
859 |h 55  |i M416b  |p A-7779  |t Ej. 3  |b BIB. MATEMATICA